|
|
|
|
| LEADER |
00756cam a2200205 7i4500 |
| 001 |
0000047079 |
| 005 |
20170304090000.0 |
| 020 |
|
|
|a 9781133788775 (pbk.)
|
| 020 |
|
|
|a 1133788777 (pbk.)
|
| 090 |
0 |
0 |
|a TR594
|b .B36 2013
|
| 100 |
1 |
|
|a Bamberg, Matthew
|
| 245 |
1 |
0 |
|a Beginning HDR photography
|c Matthew Bamberg.
|
| 260 |
|
|
|a Australia:
|b Course Technology Cengage Learning,
|c 2013.
|
| 300 |
|
|
|a xii, 324 p.:
|b ill.;
|c 23 cm.
|
| 500 |
|
|
|a Includes index
|
| 650 |
0 |
0 |
|a Photography --
|x Digital techniques
|
| 650 |
0 |
0 |
|a High dynamic range imaging
|
| 997 |
|
|
|a Communication, Visual Art & Computing, Faculty
|b Communication, Department
|
| 999 |
|
|
|a 0000057840
|b BOK
|c OPEN SHELF
|e 2nd Floor, Bestari Jaya
|
| 999 |
|
|
|a 0000057841
|b BOK
|c OPEN SHELF
|e 2nd Floor, Bestari Jaya
|